Widok standardowy
Widok MARC
Pozycja Corporate Name
Liczba rekordów, w których użyto hasła: 1
001 - Numer kontrolny
- control field: 38040
003 - Identyfikator numeru kontrolnego
- control field: NUKAT
005 - Data i czas ostatniej modyfikacji
- control field: 20260313124311.0
008 - Dane kontrolne kodowane (40 znaków)
- fixed length control field: 950915n||a|znnaabn |a ana |c
010 ## - Numer kontrolny Biblioteki Kongresu
- numer kontrolny LC: n 95208885
024 7# - OTHER STANDARD IDENTIFIER
- Standard number or code: 166169321
- Source of number or code: viaf
024 7# - OTHER STANDARD IDENTIFIER
- Standard number or code: Q11699064
- Source of number or code: wikidata
040 ## - Instytucja sporządzająca rekord
- inst. przygot. dane do rek. khw: KR U/MM
- język haseł przedmiotowych/tezaurus: kaba
- inst. wprow. rek. khw: KR U/MMc
- inst. modyf. rek. khw: KR U/MM
110 2# - Hasło - nazwa ciała zbiorowego
- nazwa ciała zbior. lub geogr. na pocz.: Fundacja im. Michała Oczapowskiego (Olsztyn).
410 2# - Trop zob. - nazwa ciała zbiorowego
- nazwa ciała zbior. lub geogr. na pocz.: Fundacja im. M. Oczapowskiego.
410 2# - Trop zob. - nazwa ciała zbiorowego
- nazwa ciała zbior. lub geogr. na pocz.: Michał Oczapowski Foundation.
665 ## - Nota historyczna
- nota historyczna: Fundacja im. Michała Oczapowskiego powstała w 1991 r. Zajmuje się promowaniem osiągnięć naukowych Akademii Rolniczo-Technicznej w Olsztynie, gromadzeniem środków finansowych i zasobów materialnych na rzecz uczelni oraz pomocą dla absolwentów korzystających z opracowań Akademii Rolniczo-Technicznej.
670 ## - Źródło informacji
- źródło informacji: INP’92/93
670 ## - Źródło informacji
- źródło informacji: Wycena ; 1992, nr 1. - Olsztyn, 1992.